| 000 | 01088nam a22002417a 4500 | ||
|---|---|---|---|
| 005 | 20110913152830.0 | ||
| 008 | 110913t xxu||||| |||| 00| 0 mar d | ||
| 010 | _aMAR-21343 | ||
| 020 |
_c160.00 _a9788184982602 |
||
| 035 | _aMR-14001 | ||
| 037 | _bDBAD/PUB | ||
| 040 |
_aDPL _bMR |
||
| 082 | _a823 | ||
| 100 |
_934729 _aबजाज,करण |
||
| 245 |
_aकीप ऑफ द ग्रास / _cकरण बजाज ; माधुरी शानभाग द्वारा अनुवादित |
||
| 246 |
_aKeep Off The Grass _bby Karan Bajaj |
||
| 260 |
_aपुणे _bमेहता पब्लिशिंग हाऊस _c2011 |
||
| 270 |
_bपुणे _a1941,सदाशिव पेठ,माडीवाले कॉलनी _e411030 |
||
| 300 |
_a173पृ. _c21सेमी(अजिल्द) |
||
| 700 |
_aशानभाग,माधुरी _934790 |
||
| 942 |
_2ddc _cMR _mबजाज _h823 |
||
| 999 |
_c56810 _d56810 |
||